000 00625cam0a220016900 4500
005 20190814095830.0
008 030910
035 _a(Sirsi) a145708
050 0 _aRD 82
_bCOA
100 1 _aCoates, David
_6A102819.1
245 1 0 _aAnaesthesia Rounds:
_bControl of Blood pressure during anaesthesia/
_cby david coates and Humphry davy
260 _aOxfordshire:a
_bThe Medicine group,
_c[1995]
504 _aIncludes bibliographical references
650 0 _aAnaesthesia
_6S74.1
650 0 _aBlood pressure -- Regulation
_xBlood pressure -- Regulation
_6S74860.1
700 0 0 _aDavy,Humphry
_6A116341.1
999 _c46540
_d46540